Suivez-vous attentivement les JO ? Médailles du 7 août - Statistiques

Statistiques générales
  • Ce quiz a été pris 5 fois
  • Le résultat moyen est 39 sur 72
Statistiques - réponses
Sport Discipline Pays France % Correct
Cyclisme 7 août Or H - Sur piste poursuite par équipes Australie France 6e
100%
Athlétisme 7 août Or H - 400 M Etats-Unis Pas de Français en finale
100%
Boxe 7 août Argent H - Poids légers France
100%
Taekwondo 7 août Bronze H - Moins de 58 kg France
100%
Athlétisme 7 août Argent H - 400 M Royaume-Uni
100%
Cyclisme 7 août Argent H - Sur piste poursuite par équipes Royaume-Uni
100%
Athlétisme 7 août Bronze H - Lancer du disque Australie
67%
Athlétisme 7 août Or F - Saut à la perche Australie France 11e
67%
Athlétisme 7 août Bronze Mixte - Relais marche marathon Australie
67%
Skateboard 7 août Or H - Park Australie Pas de Français en finale
67%
Skateboard 7 août Bronze H - Park Brésil
67%
Athlétisme 7 août Bronze F - Saut à la perche Canada
67%
Boxe 7 août Bronze H - Poids légers Canada
67%
Escalade 7 août Argent F - Vitesse Chine
67%
Haltérophilie 7 août Or H - Moins de 61 kilos Chine Pas de Français en finale
67%
Haltérophilie 7 août Or F - Moins de 49 kilos Chine Pas de Française en finale
67%
Natation artistique 7 août Or Par équipes Chine France 4e
67%
Taekwondo 7 août Or H - Moins de 58 kg Corée-du-Sud
67%
Boxe 7 août Or H - Poids légers Cuba
67%
Boxe 7 août Bronze H - Poids mi-lourds Cuba
67%
Lutte 7 août Argent F - Libre - Moins de 50 kilos Cuba
67%
Athlétisme 7 août Argent Mixte - Relais marche marathon Equateur
67%
Athlétisme 7 août Or Mixte - Relais marche marathon Espagne France 11e
67%
Natation artistique 7 août Bronze Par équipes Espagne
67%
Athlétisme 7 août Argent F - Saut à la perche Etats-Unis
67%
Lutte 7 août Or F - Libre - Moins de 50 kilos Etats-Unis Pas de qualifiée
67%
Natation artistique 7 août Argent Par équipes Etats-Unis
67%
Skateboard 7 août Argent H - Park Etats-Unis
67%
Boxe 7 août Bronze H - Poids super-lourds France
67%
Cyclisme 7 août Bronze H - Sur piste poursuite par équipes Italie
67%
Athlétisme 7 août Or H - Lancer du disque Jamaïque Pas de Français en finale
67%
Athlétisme 7 août Bronze H - 3000 M Steeple Kenya
67%
Athlétisme 7 août Argent H - Lancer du disque Lituanie
67%
Athlétisme 7 août Or H - 3000 M Steeple Maroc Pas de Français en finale
67%
Cyclisme 7 août Argent F - Sur piste poursuite par équipes Nouvelle-Zélande
67%
Voile 7 août Or F - Dériveur - ILCA6 Pays-Bas France 10e
67%
Escalade 7 août Or F - Vitesse Pologne Pas de Française qualifiée
67%
Escalade 7 août Bronze F - Vitesse Pologne
67%
Cyclisme 7 août Bronze F - Sur piste poursuite par équipes Royaume-Uni
67%
Boxe 7 août Bronze H - Poids super-lourds Allemagne
33%
Lutte 7 août Bronze H - Lutte gréco-romaine Moins de 77 kilos Arménie
33%
Lutte 7 août Argent H - Lutte gréco-romaine Moins de 97 kilos Arménie
33%
Voile 7 août Or H - Dériveur - ILCA 7 Australie Pas de Français en finale
33%
Taekwondo 7 août Argent H - Moins de 58 kg Azerbaïdjan
33%
Lutte 7 août Bronze F - Libre - Moins de 50 kilos Chine
33%
Taekwondo 7 août Argent F - Moins de 49 kg Chine
33%
Voile 7 août Argent H - Dériveur - ILCA 7 Chypre
33%
Taekwondo 7 août Bronze F - Moins de 49 kg Croatie
33%
Lutte 7 août Bronze H - Lutte gréco-romaine Moins de 97 kilos Cuba
33%
Voile 7 août Argent F - Dériveur - ILCA6 Danemark
33%
Athlétisme 7 août Argent H - 3000 M Steeple Etats-Unis
33%
Cyclisme 7 août Or F - Sur piste poursuite par équipes Etats-Unis France 5e
33%
Haltérophilie 7 août Bronze H - Moins de 61 kilos Etats-Unis
33%
Boxe 7 août Bronze H - Poids légers Géorgie
33%
Lutte 7 août Or H - Lutte gréco-romaine Moins de 97 kilos Iran Pas de qualifié
33%
Taekwondo 7 août Bronze F - Moins de 49 kg Iran
33%
Lutte 7 août Bronze F - Libre - Moins de 50 kilos Japon
33%
Lutte 7 août Or H - Lutte gréco-romaine Moins de 77 kilos Japon Pas de qualifié
33%
Boxe 7 août Argent H - Poids mi-lourds Kazakhstan
33%
Lutte 7 août Argent H - Lutte gréco-romaine Moins de 77 kilos Kazakhstan
33%
Lutte 7 août Bronze H - Lutte gréco-romaine Moins de 77 kilos Kirghizistan
33%
Lutte 7 août Bronze H - Lutte gréco-romaine Moins de 97 kilos Kirghizistan
33%
Voile 7 août Bronze F - Dériveur - ILCA6 Norvège
33%
Voile 7 août Bronze H - Dériveur - ILCA 7 Pérou
33%
Boxe 7 août Bronze H - Poids mi-lourds République dominicaine
33%
Haltérophilie 7 août Argent F - Moins de 49 kilos Roumanie
33%
Haltérophilie 7 août Argent H - Moins de 61 kilos Thaïlande
33%
Haltérophilie 7 août Bronze F - Moins de 49 kilos Thaïlande
33%
Taekwondo 7 août Or F - Moins de 49 kg Thaïlande Pas de Française qualifiée
33%
Taekwondo 7 août Bronze H - Moins de 58 kg Tunisie
33%
Boxe 7 août Or H - Poids moyens Ukraine Pas de Français qualifié
33%
Athlétisme 7 août Bronze H - 400 M Zambie
33%
Aucun quiz correspondant
Distribution des résultats
% des personnes avec chaque résultat
Percentile par nombre de réponses
Votre historique - résultats
Vous n’avez pas pris ce quiz